La tristeza sin fin de ser poeta / (Registro nro. 15462)

Detalles MARC
000 -CABECERA
campo de control de longitud fija 02510nam a2200361 i 4500
003 - IDENTIFICADOR DEL NÚMERO DE CONTROL
campo de control DO-SdBPM
005 - FECHA Y HORA DE LA ÚLTIMA TRANSACCIÓN
campo de control 20251017130929.0
007 - CAMPO FIJO DE DESCRIPCIÓN FÍSICA--INFORMACIÓN GENERAL
campo de control de longitud fija ta
008 - DATOS DE LONGITUD FIJA--INFORMACIÓN GENERAL
campo de control de longitud fija 250520b2024 dr ac| ||| 00| 0 spa d
020 ## - NÚMERO INTERNACIONAL ESTÁNDAR DEL LIBRO
Número Internacional Estándar del Libro 9789945510805
040 ## - FUENTE DE LA CATALOGACIÓN
Centro catalogador/agencia de origen DO-SdBPM
Lengua de catalogación spa
Centro/agencia transcriptor BPMSU
Normas de descripción rda
Centro/agencia modificador
041 ## - CÓDIGO DE LENGUA
Código de lengua del texto/banda sonora o título independiente spa
082 #4 - NÚMERO DE LA CLASIFICACIÓN DECIMAL DEWEY
Número de clasificación 928
Número de documento/Ítem B957t 2024
Número de edición 22
245 13 - MENCIÓN DE TÍTULO
Título La tristeza sin fin de ser poeta /
Mención de responsabilidad, etc. selección de textos y presentación de Chiqui Vicioso ; corrección, María del Carmen Vicente
250 ## - MENCIÓN DE EDICIÓN
Mención de edición Segunda edición corregida
264 #4 - PRODUCCIÓN, PUBLICACIÓN, DISTRIBUCIÓN, FABRICACIÓN Y COPYRIGHT
Producción, publicación, distribución, fabricación y copyright Santo Domingo :
Nombre del de productor, editor, distribuidor, fabricante Ministerio de Cultura,
-- Editora Nacional,
Fecha de producción, publicación, distribución, fabricación o copyright ©2024.
300 ## - DESCRIPCIÓN FÍSICA
Extensión 258 páginas :
Otras características físicas ilustraciones, retratos ;
Dimensiones 23 cm.
336 ## - TIPO DE CONTENIDO
Término de tipo de contenido texto
Código de tipo de contenido txt
Fuente rdacontent
337 ## - TIPO DE MEDIO
Nombre/término del tipo de medio sin mediación
Código del tipo de medio n
Fuente rdamedia
338 ## - TIPO DE SOPORTE
Nombre/término del tipo de soporte volumen
Código del tipo de soporte nc
Fuente rdacarrier
500 ## - NOTA GENERAL
Nota general Incluye referencias bibliográficas y notas al pie de las páginas
504 ## - NOTA DE BIBLIOGRAFÍA, ETC.
Nota de bibliografía, etc. Bibliografía : páginas 179-183
505 0# - NOTA DE CONTENIDO CON FORMATO
Nota de contenido con formato Presentación, 11 -- Belkis-Julia, 13 -- Julia de Burgos: la nuestra / Chiqui Vicioso, 21 -- Julia de Burgos: escritora mediática y política / Carmen Centeno Añeses, 35 -- Los sonidos del alma y el mar de Julia de Burgos y Silvia Rexach / Alinaluz Santiago, 51 -- Indomable alma Juliana: evolución de un enigma fluido / José Manuel Sánchez-Darro, 65 -- Julia de Burgos en Cuba, Cuba en Julia de Burgos / Yolanda Ricardo, 81 -- Pongamos en su sitio a Julia de Burgos / Áurea María Sotomayor, 109 -- Julia de Burgos en Nueva York; miradas de vida / Vivian Auffant Vázquez, 131 -- Julia de Burgos: ciudadana caribeña y hermana en la diáspora / Daisy Cocco de Filippis, 155 -- La construcción de la subjetividad en las cartas de Julia de Burgos a su hermana Consuelo / Grisselle Merced Hernández, 171 -- Julia de Burgos: sin puerto abierto / Ivette Lopez Jiménez, 187 -- Hermanadas sigilosas / José Manuel Sánchez-Darro, 203 -- Apéndices, 239 -- Entrevista a Juan Isidro Jimenes Grullón, el rival de «Río Grande de Loíza» / Chiqui Vicioso, 239 -- Entrevista a Juan Bosch sobre Julia de Burgos / Chiqui Vicioso, 251.
590 ## - NOTA LOCAL (RLIN)
Nota local Inventariado, 2025/VM
600 17 - PUNTO DE ACCESO ADICIONAL DE MATERIA--NOMBRE DE PERSONA
Nombre de persona Burgos, Julia de
Fechas asociadas al nombre 1914-1953
Subdivisión general Crítica e interpretación
600 17 - PUNTO DE ACCESO ADICIONAL DE MATERIA--NOMBRE DE PERSONA
Nombre de persona Burgos, Julia de
Fechas asociadas al nombre 1914-1953
Subdivisión de forma Homenajes
650 #7 - PUNTO DE ACCESO ADICIONAL DE MATERIA--TÉRMINO DE MATERIA
Término de materia o nombre geográfico como elemento de entrada Poesía puertorriqueña
Subdivisión general Historia y crítica
650 #7 - PUNTO DE ACCESO ADICIONAL DE MATERIA--TÉRMINO DE MATERIA
Término de materia o nombre geográfico como elemento de entrada Poetas puertorriqueñas
700 1# - PUNTO DE ACCESO ADICIONAL--NOMBRE DE PERSONA
Nombre de persona Vicioso, Chiqui,
Término indicativo de función/relación selección
Código de función/relación sel.
700 1# - PUNTO DE ACCESO ADICIONAL--NOMBRE DE PERSONA
Nombre de persona Vicente, María del Carmen,
Término indicativo de función/relación corrector
Código de función/relación corr.
910 ## - DATOS DE OPCIÓN DEL USUARIO (OCLC)
Datos de opción del usuario VMateo V. Control de calidad. BPMSU
942 ## - ELEMENTOS DE PUNTO DE ACCESO ADICIONAL (KOHA)
Fuente del sistema de clasificación o colocación Dewey Decimal Classification
Tipo de ítem Koha Libros
Existencias
Estado de retiro Estado de pérdida Fuente del sistema de clasificación o colocación No para préstamo Código de colección Localización permanente Ubicación/localización actual Fecha de adquisición Total de préstamos Signatura topográfica completa Código de barras Fecha visto por última vez Precio válido a partir de Tipo de ítem Koha
    Dewey Decimal Classification   Colección Dominicana Biblioteca Pública Metropolitana Salomé Ureña Biblioteca Pública Metropolitana Salomé Ureña 10/17/2025   BPMSU CD 928 B957t 2024 BPMSU25100072 10/17/2025 10/17/2025 Libros